000 00382nam a2200145Ia 4500
005 20240821151618.0
008 240821s9999||||xx |||||||||||||| ||und||
082 _a374 SAW
100 _aSautoy, Peter du
245 0 _aPlanning and oranization of adult literacy programmes in Africa
260 _aParis
_bUnesco
_c1966
300 _a127p
650 _aAdult Education
942 _cBK
999 _c35160
_d35160